000 00842nam a2200229Ia 4500
999 _c34639
_d34639
001 404
003 GE_BSU
005 20200121161215.0
008 181216s2011||||ge |||||||||||||| ||geo||
020 _a978994110230
040 _cGE_BSU
041 _ageo
080 _a579:61(075.8)+616.9(075.8)+578(075.8) გ-60
100 _aგოგიჩაძე, გიორგი
_96276
245 _aსამედიცინო მიკრობიოლოგია :
_bსახელმძღვანელო /
_cგიორგი გოგიჩაძე.
264 _aთბილისი :
_bმერიდიანი,
_c2011.
300 _a468 გვ.;
_b28 სმ.
300 _c.
653 _a სამედიცინო მიკრობიოლოგია
653 _aმედიცინა
942 _cBK
_2udc